000 01336nam0a2200325 i 4500
001 RU\NLR\bibl\1977396
005 20260405210415.0
010 _a9785958402984
_93000
021 _aRU
_b2012-90679
_96709
035 _a(NLR Aleph) 001966159
090 _a3892614
_c3892613
100 _a20121207d2012 u y0rusy50 ca
101 0 _arus
102 _aRU
105 _aa |||||||||
200 1 _aЧингис-Хан
_eпоэма
_fВиктор Слипенчук
_g[ил.: Михаил Тихонов
_gлинограв.: Петр Кириллов]
210 _aМосква
_cГородец
_d2012
215 _a98, [5] с.
_cил., цв. ил., портр.
_d25
_e1 электрон. опт. диск (Аудио CD)
600 0 _aЧингисхан
_f1155 - 1227
_xв литературе русской
_92200344
_3RU\NLR\AUTH\6601557178
686 _aШ6(2=Р)8-51
700 1 _4070
_8rus
_7ca
_aСлипенчук
_bВ. Т.
_f1941-
_gВиктор Трифонович
_3RU\NLR\auth\7793572
_976498
702 1 _4440
_8rus
_7ca
_aТихонов
_bМ. П.
_cхудожник
_gМихаил П.
_3RU\NLR\auth\7793568
_976494
702 1 _aКириллов
_bП.
_gПетр
_4440
801 0 _aRU
_bNLR
_c20121207
_gRCR
801 1 _aRU
_bNLR
_c20121207
942 _cBOOK
980 _aNBR